000 00713nam a2200217 4500
003 OSt
005 20240708055720.0
006 a
008 240708b |||||||| |||| 00| 0 eng d
040 _aDWCL-HMN lib.
_cOC
082 _2Third edition
_aCirc. 616.07 W753h 2005
100 _aWilson, Susan F.
245 _aHealth assessment for nursing practice /
250 _aThird edition
260 _aSt. Louis, Missouri :
_bElsevier/Mosby,
_cc2005.
300 _axvi,
_b748 p. : ill. (some col.) ;
_c28 cm.
504 _aIncludes bibliographical references and index.
650 _a1. Nursing health assessment.
650 _a2. Physical examinations.
942 _2ddc
_n0
_cBK-CIRC
_eThird edition
_kCirc.
999 _c2096
_d2096